000
00288nam a2200121Ia 4500
003
OSt
005
20230902044252.0
008
170523s9999 xx 000 0 und d
040
_c
IIMT UNIVERSITY
100
_a
CHARY- S.N
245
0
_a
PRODUCTION AND OPERATION MANAGMENT
942
_2
ddc
_c
02
999
_c
10412
_d
10412